000 00513nam a2200181 i 4500
001 33993
003 ES-MaACL
005 20250712032631.0
007 t|
008 030203q19001999sp ||||1| spa d
100 1 _aBlasco Ibáñez, Vicente,
_d1867-1928
_929388
245 1 0 _aArroz y tartana
_b: novela /
_cVicente Blasco Ibañez.
250 _a3ª ed.
260 _aValencia :
_bF. Sempere y C.,
_c[19--] (
_fEl Pueblo)
300 _a307 p. ;
_c19 cm.
852 _aES-MaACL
_jB-2636
999 _c33993
_d33993